| 000 -LEADER |
| fixed length control field |
00721nam a22001817a 4500 |
| 005 - DATE AND TIME OF LATEST TRANSACTION |
| control field |
20221108160755.0 |
| 008 - FIXED-LENGTH DATA ELEMENTS--GENERAL INFORMATION |
| fixed length control field |
210621s2018 enk||||| |||| 00| 0 eng d |
| 020 ## - INTERNATIONAL STANDARD BOOK NUMBER |
| International Standard Book Number |
9780964524330 X |
| 041 ## - LANGUAGE CODE |
| Language code of text/sound track or separate title |
eng |
| 080 ## - UNIVERSAL DECIMAL CLASSIFICATION NUMBER |
| Universal Decimal Classification number |
376.33 S-95 |
| 100 ## - MAIN ENTRY--PERSONAL NAME |
| Personal name |
Sutherland, Sandra Wright |
| 9 (RLIN) |
12107 |
| 245 ## - TITLE STATEMENT |
| Title |
Deaf and Hard of Hearing Itinerant Consultation Guide: |
| Remainder of title |
Tools to Help Understand Education of DHH Children in the Mainstream / |
| Statement of responsibility, etc. |
Sandra Wright Sutherland. |
| 264 ## - PRODUCTION, PUBLICATION, DISTRIBUTION, MANUFACTURE, AND COPYRIGHT NOTICE |
| Place of production, publication, distribution, manufacture |
Bozeman : |
| Name of producer, publisher, distributor, manufacturer |
Iris Press, |
| Date of production, publication, distribution, manufacture, or copyright notice |
2018. |
| 300 ## - PHYSICAL DESCRIPTION |
| Extent |
138 pages; |
| Other physical details |
30 cm. |
| 653 ## - INDEX TERM--UNCONTROLLED |
| keyword |
ყრუ და სმენადაქვეითებული ბავშვები. |
| 653 ## - INDEX TERM--UNCONTROLLED |
| keyword |
Глухие и слабослышащие дети |
| 942 ## - ADDED ENTRY ELEMENTS (KOHA) |
| Source of classification or shelving scheme |
|
| Koha item type |
წიგნი |